1155 1391 1380 1086 1014 1687 1946 1948 1804 1176 1307 1704 1229 1543 1977 1806 1077 1855 1680 1860 1062 1315 1242 1694 1529 1566 1805 1958 1301 1330 1791 1409 1333 1325 1205 1707 1731 1276 1284 1019 1840 1651 1855 1678 1108 1434 1143 1766 1107 1489 1276 1581 1217 1981 1826 1316 1586 1310 1574 1596 1996 1581 1874 1616 1438 1294 1300 1722 1732 1020 1703 1223 1303 1729 1521 1559 1355 1655 1486 1210 1375 1640 1379 1194 1064 1669 1551 1055 1425 1731 1108 1462 1430 1692 1387 1841 1406 1438 1842 BCNSPRNW ULIB Ver.6.0+V

เปลี่ยนเป็นภาษาไทย

Change to English
 แสดงรายละเอียดบรรณานุกรม
  กลับหน้าหลัก

Brief Record : Get Marc (ISO 2709) : E-mail record : QR code < ปิดหน้าต่าง
LEADER : 00000nam 2200000uu 4500
001    13399126901
003     ULIB
008    190831s2561||||th 000 0 tha d
020    ^a9786168139639^c750
060  4 ^aWS100^bต367^cล.2
245 00 ^aตำรากุมารเวชศาสตร์สำหรับนักศึกษาแพทย์และแพทย์เวชปฏิบัติ เล่ม 2 =^bTextbook of pediatrics /^cบรรณาธิการ, ศุกระวรรณ อินทรขาว ... [และคนอื่นๆ]
246 31 ^aTextbook of pediatrics
260    ^aกรุงเทพฯ :^bภาควิชากุมารเวชศาสตร์ คณะแพทยศาสตร์ มหาวิทยาลัยธรรมศาสตร์,^c2561
300    ^a777 หน้า :^bภาพประกอบ
650  2 ^aPediatrics
650  4 ^aกุมารเวชศาสตร์
700 0  ^aศุกระวรรณ อินทรขาว,^eบรรณาธิการ
710 2  ^aมหาวิทยาลัยธรรมศาสตร์.^bคณะแพทยศาสตร์.^bภาควิชากุมารเวชศาสตร์
945    ^p750^l0^i27562
945    ^p750^l0^i27561
945    ^p750^l0^i27560
945    ^p750^l0^i27564
945    ^p750^l0^i27563
999    ^aกัณชพร จุลอักษร
รายการนี้ยังไม่มีแท็ก
คุณยังไม่ได้ล็อกอิน คุณสามารถมีกิจกรรมร่วมกับเว็บไซต์ได้ แต่ต้องล็อกอินก่อน ::
  ล็อกอิน

รายการสื่อสารสนเทศ

ลำดับที่ ประเภท เลขเรียก/บาร์โค้ด สถานที่ สถานะ
1. หนังสือสำรอง
หนังสือสำรอง
WS100 ต367 ล.2 ฉ.1 
  Barcode: 27560
ห้องสมุดวิทยาเขตนครสวรรค์
►หนังสือทั่วไป:l:General Books
บนชั้น
2. วิทยาศาสตร์การแพทย์ และสุขภาพ
วิทยาศาสตร์การแพทย์ และสุขภาพ
WS100 ต367 ล.2 ฉ.2 
  Barcode: 27561
ห้องสมุดวิทยาเขตนครสวรรค์
►หนังสือทั่วไป:l:General Books
บนชั้น
3. วิทยาศาสตร์การแพทย์ และสุขภาพ
วิทยาศาสตร์การแพทย์ และสุขภาพ
WS100 ต367 ล.2 ฉ.3 
  Barcode: 27562
ห้องสมุดวิทยาเขตนครสวรรค์
►หนังสือทั่วไป:l:General Books
ถูกยืม กำหนดส่งวันที่ 17 เมษายน 2569
  จอง
4. วิทยาศาสตร์การแพทย์ และสุขภาพ
วิทยาศาสตร์การแพทย์ และสุขภาพ
WS100 ต367 ล.2 ฉ.4 
  Barcode: 27563
ห้องสมุดวิทยาเขตนครสวรรค์
►หนังสือทั่วไป:l:General Books
บนชั้น
5. วิทยาศาสตร์การแพทย์ และสุขภาพ
วิทยาศาสตร์การแพทย์ และสุขภาพ
WS100 ต367 ล.2 ฉ.5 
  Barcode: 27564
ห้องสมุดวิทยาเขตนครสวรรค์
►หนังสือทั่วไป:l:General Books
บนชั้น

รายการใกล้เคียง
    หัวเรื่อง [Pediatrics]
    หัวเรื่อง [กุมารเวชศาสตร์]

BibComment


ยังไม่เคยถูกคอมเมนท์

คอมเมนท์ทรัพยากรรายการนี้
  คอมเมนท์: ตำรากุมารเวชศาสต..


 Copyright 2026. Bcnsprnw @Library